Statistics for D Block Europe Songs

Click here to take the quiz!

General Stats

  • This quiz has been taken 180 times
  • The average score is 26 of 72

Answer Stats

GroupsAnswer% Correct
Home AloneKitchen Kings
74%
PTSDDarling
71%
PTSDHome Pussy
69%
Home AloneIntro
61%
PTSDIntro
61%
PTSDOutside
54%
PTSDThug
54%
Home AloneHome Alone
52%
PTSDLove
50%
PTSDNookie
50%
Any MInute NowCocktail
49%
PTSDOutro
49%
PTSDPretty Little Nike Airs
47%
PTSDBando On The Satnav
45%
Street TraumaCreep
45%
Any Minute NowGucci Mane
44%
Street TraumaMonster
44%
Any MInute NowILY
43%
Home AloneKeeper
42%
PTSDWhole Summer
41%
Street TraumaNo Cellular Site
40%
Home AloneSmoking
40%
PTSDPlaying For Keeps
39%
Any Minute NowRap Saved Me
38%
Any Minute NowBetter Than Yours
37%
Street TraumaGloria
37%
PTSD808
36%
PTSDAdore Me
36%
Any Minute NowFlights
36%
PTSDNumber 29
36%
PTSDRepentance
36%
Home AloneRunning Man
36%
Street TraumaSet In Stone
36%
PTSDThoughts
36%
PTSDLast Night In Barcelona
35%
Street TraumaPrescription Drugs
35%
PTSDHeart Safe
34%
PTSDAin't Chanelle
33%
Street TraumaBando Boy
33%
Street TraumaBeautiful
33%
PTSDBirth Sign
33%
Street TraumaMiley
33%
Street TraumaPain Game
33%
PTSDBack To Back
32%
Home AloneGold
32%
Any Minute NowLife
32%
Home AloneIn Pain Season
31%
Home AloneI Remember
31%
Street TraumaDismissive
29%
Street TraumaMolly World
29%
Street TraumaUK Gossip
29%
Home AloneBank Roll
28%
PTSDThe Bag
28%
Street TraumaChange
27%
Home AloneDreads in Plats
27%
Street TraumaI Just
26%
Street TraumaJeffery Carter
26%
Any Minute NowWork
26%
PTSDCartier Frames
25%
Home AloneShe Wants Love
25%
Home AloneThis Love
25%
Home AloneBuss It Down
24%
Home AloneCareful
24%
PTSDDifferent
24%
PTSDPaid The Price
24%
Home AloneYour Strong
24%
Any Minute NowAway
23%
PTSDNo Cap 2
23%
Any Minute NowReal Love
23%
Home AloneLuke Cage
21%
Home AloneFeedback
19%
Home AloneKetlle Pouring
3%

Score Distribution

Percentile by Number Answered

Percent of People with Each Score

Your Score History

You have not taken this quiz